书目信息 |
| 题名: |
党的十八大以来大事记
|
|
| 作者: | ;中共中央党史研究室 编 | |
| 分册: | ||
| 出版信息: | 北京 人民出版社 2017 |
|
| 页数: | 148页 | |
| 开本: | 21cm | |
| 丛书名: | ||
| 单 册: | ||
| 中图分类: | D232 , K275.05 | |
| 科图分类: | ||
| 主题词: | ||
| 电子资源: | ||
| ISBN: | 978-7-01-018540-8 | |
| 000 | 00957nam0 2200253 450 | |
| 001 | 3619 | |
| 005 | 20180527171717.57 | |
| 010 | @a978-7-01-018540-8@b精装@dCNY38.00 | |
| 100 | @a20180217d2017 em y0chiy50 ea | |
| 101 | 0 | @achi |
| 102 | @aCN@b110000 | |
| 105 | @ay z 000yy | |
| 200 | 1 | @a党的十八大以来大事记@9dang de shi ba da yi lai da shi ji@f中共中央党史研究室[编] |
| 210 | @a北京@c人民出版社@d2017 | |
| 215 | @a148页@d21cm | |
| 306 | @a题名页出版者题:人民出版社,中共党史出版社 | |
| 330 | @a本书内容包括:党的十八大以来大事记;砥励奋进,铸就辉煌——写在《党的十八大以来大事记》发表之际;中共中央党史研究室负责同志就《党的十八大以来大事记》编写情况答记者问三部分。 | |
| 601 | 02 | @a中国共产党@x大事记@z2012-2017 |
| 607 | @a中国@x大事记@z2012-2017 | |
| 690 | @aD232@v5 | |
| 690 | @aK275.05@v5 | |
| 711 | 02 | @a中共中央党史研究室@9zhong gong zhong yang dang shi yan jiu shi@4编 |
| 801 | 0 | @aCN@b91MARC@c20180217 |
| 905 | @aMuseLib@dD232@e230 | |
| 党的十八大以来大事记/中共中央党史研究室[编].-北京:人民出版社,2017 |
| 148页;21cm |
| ISBN 978-7-01-018540-8(精装):CNY38.00 |
| 本书内容包括:党的十八大以来大事记;砥励奋进,铸就辉煌——写在《党的十八大以来大事记》发表之际;中共中央党史研究室负责同志就《党的十八大以来大事记》编写情况答记者问三部分。 |
| ● |
| 相关链接 |
|
|
|
|
正题名:党的十八大以来大事记
索取号:D232/230
 
预约/预借
| 序号 | 登录号 | 条形码 | 馆藏地/架位号 | 状态 | 备注 |
| 1 | 1109932 | 211099327 | 第一样本阅览室/ [索取号:D232/230] | 在馆 | |
| 2 | 1109933 | 211099336 | 教育系资料室/ [索取号:D232/230] | 在馆 | |
| 3 | 1109934 | 211099345 | 教育系资料室/ [索取号:D232/230] | 在馆 | |
| 4 | 1109935 | 211099354 | 第一借阅区/ [索取号:D232/230] | 在馆 |